LEADER 01513nam a2200337 a 4500 001 000000121075 003 CaOOAMICUS 005 20100409095311.0 008 100408t2009 it u000 u ita r 020 $a978-88-6132-401-5 040 $aPUL$bita$dReb 082 $a348.45 110 1 $aItalia.$0(OLS)http://pul/name/1188 240 10$aCodice della strada.$0(OLS)http://pul/title/94685 245 10$aCodice della strada e prontuario delle infrazioni con gli importi aggiornati /$ca cura di Potito L. Iascone. 250 $a20. ed. 260 $aPiacenza :$bLa tribuna,$c©2009. 300 $a655 p. ;$c19 cm. 490 1 $aCodici vigenti 2009 500 $aTesto su due colonne. 500 $aAggiornato con il "pacchetto sicurezza" (L. 15 luglio 2009, n. 94). 650 14$aCircolazione stradale$xLegislazione.$0(OLS)http://pul/subject/33618 700 1 $aIascone, Potito L,$d1935-$0(OLS)http://pul/name/47663 830 0$aCodici vigenti 2009.$0(OLS)http://pul/title/144138 850 $aPUL 852 $aPUL$W1$xDP2 Diritto e Scienze Sociali 3$y110$m348. 45 COD 3.1.4$j138824$qDDC 21$B138064$CPULBib$Z2$F138064 $H112599 $82 941 1 $a9 996 $6020$a978-88-6132-401-5$9(OLS)http://pul/number/143755 996 $6082$a348.45$9(OLS)http://pul/classification/373 996 $6245$aCodice della strada e prontuario delle infrazioni con gli importi aggiornati$9(OLS)http://pul/title/137926 996 $6260$aPiacenza :$bLa tribuna$9(OLS)http://pul/publisher/62750 LEADER 01492naa a2200289 a 4500 001 000000158467 003 CaOOAMICUS 005 20170201104535.0 008 170201s2016 vc o u000 u ita r 032 $aLibriCat 040 $aPUL$bita 082 04$a241 110 2 $aPontificio consiglio "Cor Unum".$bCongresso internazionale$d(2016 :$cRoma).$0(OLS)http://pul/name/101208 245 10$aAtti del congresso internazionale La carità non avrà mai fine :$bprospettive a 10 anni dall'Enciclica Deus caritas est, Città del Vaticano 25-26 febbraio 2016. 260 $a[S.l. :$bs.n.]$e(Città del Vaticano :$fTipografica Vaticana,$g2016) 300 $a197 p. :$bfoto. ;$c24 cm. 500 $aIn testa al front.: Pontificium Consilium Cor Unum. 504 $aBibliografia in nota. 610 24$aPapi (2005-2013 : Benedictus XVI)$tSacramentum caritatis$xCommenti.$0(OLS)http://pul/subject/33783 650 4$aCarità.$0(OLS)http://pul/subject/670 850 $aPUL 852 $aPUL$W1$xSL Religione 3$y85$m241 COR 1$j181790$qDDC 21$B184948$CPULBib$Z2$F184948 $H128898 $81 941 1 $a9 996 $6082$a241$9(OLS)http://pul/classification/246 996 $6245$aAtti del congresso internazionale La carità non avrà mai fine :$bprospettive a 10 anni dall'Enciclica Deus caritas est, Città del Vaticano 25-26 febbraio 2016$9(OLS)http://pul/title/198091 996 $6260$a[S.l. :$bs.n.]$9(OLS)http://pul/publisher/81594